000 005910000a22002050004500
999 _c47310
_d47310
001 52
003 CO-MdFUSB
005 20180222162034.0
008 180222b xxu||||| |||| 00| 0 eng d
020 _a950-515-807-6
040 _cCO-MdBIC
082 0 4 _a863C B275a
100 1 _aBarrett, Judi
245 1 0 _aLos animales no deben actuar como la gente / Judi Barrett, il. Ron Barrett, traduccion J. Davis
260 _aArgentina : Ediciones de la flor
300 _a[32 P.]
500 _aEn contra portada otros titulos esta coleccion
650 1 4 _aLiteratura infantil
942 _cLGB